عرض عادي عرض مارك
  • Bergeron, J. David,

مدخل إسم شخص

عدد التسجيلات المستخدمة في: 1

001 - رقم الضبط

  • حقل الضبط: 11524

003 - معرف رقم الضبط

  • حقل الضبط: OSt

005 - تاريخ ووقت أخر عملية

  • حقل الضبط: 20120419042620.0

008 - عناصر بيانات ثابتة الطول

  • حقل تحكم ثابت الطول: 120419|||a|||||| | ||| d

040 ## - مصدر الفهرسة

  • هيئة الفهرسة الأصلية: OSt
  • وكالة الكتابة: OSt

100 ## - مدخل -- أسم شخص

  • إسم شخص: Bergeron, J. David,
  • تواريخ مرتبطة بالاسم: 1944-
  • عنوان العمل: First responder.

670 ## - بيانات المصدر موجوده

  • الاستشهاد بالمصدر: Work cat.: (OSt)23921: Le Baudour, Chris. 11522, Emergency medical responder /, c2011.